|
|
|
|
| LEADER |
01131nam a2200289 a 4500 |
| 001 |
1197395 |
| 008 |
091231s1998 nyua b 001 0 eng d |
| 999 |
|
|
|c 6594
|d 6594
|
| 010 |
|
|
|a 98013785
|
| 020 |
|
|
|a 0340676957 (hardbound)
|
| 020 |
|
|
|a 0340676965 (pbk.)
|
| 040 |
|
|
|a DLC
|c DLC
|d DLC
|d BD-DhAAL
|
| 082 |
0 |
0 |
|a 305.40942
|2 21
|
| 245 |
0 |
0 |
|a Women's work :
|b the English experience, 1650-1914 /
|c edited by Pamela Sharpe.
|
| 260 |
|
|
|a London ;
|a New York :
|b Arnold,
|c 1998.
|
| 300 |
|
|
|a xii, 368 p. :
|b ill. ;
|c 24 cm.
|
| 490 |
0 |
|
|a Arnold readers in history
|
| 504 |
|
|
|a Includes bibliographical references and index.
|
| 541 |
1 |
|
|e 00010857
|
| 650 |
|
0 |
|a Women
|z England
|x History.
|9 31351
|
| 650 |
|
0 |
|a Women
|z England
|x Economic conditions.
|9 31352
|
| 650 |
|
0 |
|a Women
|z England
|x Social conditions.
|9 31353
|
| 650 |
|
0 |
|a Sex role
|z England
|x History.
|9 31354
|
| 700 |
1 |
|
|a Sharpe, Pamela.
|9 31355
|
| 852 |
4 |
|
|a Ayesha Abed Library
|j General Shelf.
|
| 942 |
|
|
|2 ddc
|c BK
|
| 952 |
|
|
|0 0
|1 0
|2 ddc
|4 0
|6 305_409420000000000_WOM_1998
|7 0
|9 6707
|a BRACUL
|b BRACUL
|c GEN
|d 2009-12-31
|l 2
|m 3
|o 305.40942 WOM
|p 3010010857
|r 2022-06-13
|s 2021-02-16
|t 1
|w 2009-12-31
|y BK
|